000 01792nam0a2200337 4500
001 RU\NLR\bibl\875425
005 20260407124750.0
035 _a(NLR Aleph) 000864028
090 _a1557814
_c1557814
100 _a20051121d2004 |||y0rusy50 ca
101 0 _arus
102 _aRU
105 _aa |||||||||
200 1 _aНаучные и учебно-методические труды д.т.н., профессора Л.Д. Соколова
_eк 90-летию со дня рождения
_eбиблиографический указатель
_fНижегор. гос. техн. ун-т, Науч.-техн. б-ка
_g[сост.: В.П. Хорунжий и др.
_gпод ред. В.П. Хорунжий]
210 _aНижний Новгород
_cНижегородский государственный технический университет
_d2004
215 _a57 с.
_cил., портр.
_d20
225 1 _aУченые НГТУ
320 _aИмен. указ.: с. 48-50
320 _aГеогр. указ.: с. 56
600 1 _aСоколов
_bЛ. Д.
_f1914 - 1988
_gЛев Дмитриевич
_92400481
_3RU\NLR\auth\661430930
606 1 _aМеталлы
_jБиблиография
_xОбработка давлением
_91046030
_3RU\NLR\auth\6685538
686 _aК62д(2)Соколов
702 1 _aХорунжий
_bВ. П.
_4220
712 0 2 _4220
_aНижегородский государственный технический университет
_bНаучно-техническая библиотека
_3RU\NLR\AUTH\8810074472
_9650895
801 0 _aRU
_bNLR
_c20051121
_grcr
801 1 _aRU
_bNLR
_c20051121
830 _aСост. не раскрыть
942 _cBOOK
980 _aNB